Kvantitatívne metódy v ekonómii III.
Gespeichert in:
| 1. Verfasser: | |
|---|---|
| Weitere Verfasser: | , , , |
| Format: | Buch |
| Sprache: | Slowakisch |
| Veröffentlicht: |
Košice
ELFA
2013
|
| Ausgabe: | 1. vyd. |
| Schlagworte: | |
| Tags: |
Keine Tags, Fügen Sie das erste Tag hinzu!
|
MARC
| LEADER | 00000nam a2200000 4500 | ||
|---|---|---|---|
| 001 | 0173693 | ||
| 005 | 20251007115859.3 | ||
| 020 | |a 978-80-8086-211-4 | ||
| 041 | 0 | |a slo | |
| 044 | |a SK | ||
| 245 | 1 | 0 | |a Kvantitatívne metódy v ekonómii III. |c Tomáš Výrost, Eduard Baumöhl, Štefan Lyócsa ; recenzenti Michal Tkáč, Silvia Megyesiová |
| 250 | |a 1. vyd. | ||
| 264 | 1 | |a Košice |b ELFA |c 2013 | |
| 300 | |a 391 s. [18,1 AH] | ||
| 610 | 2 | 0 | |a metódy kvantitatívne |
| 610 | 2 | 0 | |a matice |
| 610 | 2 | 0 | |a ekonometria |
| 610 | 2 | 0 | |a pravdepodobnosť |
| 610 | 2 | 0 | |a teória pravdepodobnosti |
| 610 | 2 | 0 | |a modely ekonometrické |
| 610 | 2 | 0 | |a modely lineárne |
| 610 | 2 | 0 | |a metódy simulačné |
| 610 | 2 | 0 | |a testovanie hypotéz |
| 610 | 2 | 0 | |a rady časové |
| 610 | 2 | 0 | |a analýza radov časových |
| 610 | 2 | 0 | |a regresia |
| 100 | 1 | |a Výrost, Tomáš, 1978- | |
| 700 | 1 | |a Baumöhl, Eduard, 1982- | |
| 700 | 1 | |a Lyócsa, Štefan, 1982- | |
| 700 | 1 | |a Tkáč, Michal, 1958- | |
| 700 | 1 | |a Megyesiová, Silvia, 1969- | |